| 000 -NÁVESTIE |
| fixed length control field |
02370cam a2200649 4500 |
| 001 - EVIDENČNÉ ČÍSLO ZÁZNAMU - Kontrolné číslo |
| control field |
vtls011877190 |
| 005 - DÁTUM A ČAS POSLEDNEJ TRANSAKCIE |
| control field |
20221006112323.0 |
| 008 - ÚDAJE S PEVNOU DĹŽKOU – VŠEOBECNÉ INFORMÁCIE |
| fixed length control field |
210701s2019 xo oa grh 000 faslo |
| 020 ## - MEDZINÁRODNÉ ŠTANDARDNÉ ČÍSLO KNIHY (ISBN) |
| Medzinárodné štandardné číslo knihy (ISBN) |
9788089666737 |
| Qualifying information |
(viazané) |
| 035 ## - Iný štandardný identifikátor |
| Iný štandardný identifikátor |
urn:nbn:sk:snk-am00fgng |
| 035 ## - Iný štandardný identifikátor |
| Iný štandardný identifikátor |
urn:nbn:sk:snk-am3isyw |
| 035 ## - Iný štandardný identifikátor |
| Iný štandardný identifikátor |
5BAB0E8E-3A13-4E11-A7CF-8223B1E48AE8 |
| 040 ## - ZDROJ KATALOGIZÁCIE |
| Pôvodná katalogizujúca agentúra |
PPPK |
| Jazyk katalogizácie |
slo |
| Prepisujúca agentúra |
PPPK |
| Modifikujúca agentúra |
SNK |
| Konvencie popisu |
rda |
| 041 1# - KÓD JAZYKA |
| Kód jazyka textu/zvukovej stopy alebo samostatných nápisov |
slo |
| Kód jazyka originálu a/alebo sprostredkujúcich prekladov textu |
ger |
| 044 ## - KÓD KRAJINY VYDAVATEĽA/PRODUCENTA |
| Kód krajiny MARC |
xo |
| Kód krajiny ISO |
SK |
| 072 #7 - KÓD PREDMETOVEJ KATEGÓRIE |
| Kód predmetovej kategórie |
929 |
| Pododdiel kódu predmetovej kategórie |
Biografie |
| Zdroj |
konspekt |
| 080 ## - ČÍSLO MEDZINÁRODNÉHO DESATINNÉHO TRIEDENIA (MDT) |
| Číslo Medzinárodného desatinného triedenia (MDT) |
101-055.2 |
| Identifikátor vydania |
2011 |
| 080 ## - ČÍSLO MEDZINÁRODNÉHO DESATINNÉHO TRIEDENIA (MDT) |
| Číslo Medzinárodného desatinného triedenia (MDT) |
929 |
| Identifikátor vydania |
2011 |
| 080 ## - ČÍSLO MEDZINÁRODNÉHO DESATINNÉHO TRIEDENIA (MDT) |
| Číslo Medzinárodného desatinného triedenia (MDT) |
(=411.16) |
| Identifikátor vydania |
2011 |
| 080 ## - ČÍSLO MEDZINÁRODNÉHO DESATINNÉHO TRIEDENIA (MDT) |
| Číslo Medzinárodného desatinného triedenia (MDT) |
323.12"1939/1945" |
| Identifikátor vydania |
2011 |
| 080 ## - ČÍSLO MEDZINÁRODNÉHO DESATINNÉHO TRIEDENIA (MDT) |
| Číslo Medzinárodného desatinného triedenia (MDT) |
[323.28:329.17]-058.6 |
| Identifikátor vydania |
2001 |
| 080 ## - ČÍSLO MEDZINÁRODNÉHO DESATINNÉHO TRIEDENIA (MDT) |
| Číslo Medzinárodného desatinného triedenia (MDT) |
2-36-055.2 |
| Identifikátor vydania |
2011 |
| 080 ## - ČÍSLO MEDZINÁRODNÉHO DESATINNÉHO TRIEDENIA (MDT) |
| Číslo Medzinárodného desatinného triedenia (MDT) |
(430) |
| Identifikátor vydania |
2011 |
| 080 ## - ČÍSLO MEDZINÁRODNÉHO DESATINNÉHO TRIEDENIA (MDT) |
| Číslo Medzinárodného desatinného triedenia (MDT) |
(092) |
| Identifikátor vydania |
2011 |
| 100 1# - OSOBNÉ MENÁ – VŠEOBECNÉ INFORMÁCIE |
| Osobné meno |
Stein, Edith, |
| Tituly a iné slová súvisiace s menom |
svätá, |
| Dátumy súvisiace s menom |
1891-1942 |
| Kód roly |
aut |
| -- |
3567 |
| 240 10 - UNIFIKOVANÝ NÁZOV |
| Unifikovaný názov |
Aus dem Leben einer jüdischen Familie |
| Jazyk diela |
Slovensky |
| 245 10 - NÁZOV |
| Názov |
Príbeh jednej židovskej rodiny |
| Zvyšok názvu |
(autobiografia) |
| Údaj o zodpovednosti atď. |
Edita Steinová ; z nemeckého originálu Edith Stein Aus dem Leben einer jüdischen Familie preložil, poznámky a stručný životopis napísal Milan Krankus |
| 250 ## - ÚDAJ O PORADÍ VYDANIA |
| Údaj o poradí vydania |
Prvé slovenské vydanie |
| 264 #1 - VYDAVATEĽSKÉ ÚDAJE, DISTRIBÚCIA ATĎ. - RDA |
| Miesto publikovania, distribúcie atď. |
Bratislava |
| Názov vydavateľa, distibútora atď. |
Európa |
| Dátum publikovania, distribúcie atď. |
2019 |
| 300 ## - FYZICKÝ POPIS |
| Rozsah |
269 strán |
| Ďalšie fyzické detaily |
fotografie, ilustrácie |
| Rozmery |
24 cm |
| 336 ## - TYP OBSAHU |
| Typ obsahu - termín |
text |
| Typ obsahu - kód |
txt |
| Zdroj |
rdacontent |
| 337 ## - TYP MÉDIA |
| Typ média - termín |
bez média |
| Typ média - kód |
n |
| Zdroj |
rdamedia |
| 338 ## - TYP NOSIČA |
| Typ nosiča - termín |
zväzok |
| Typ nosiča - kód |
nc |
| Zdroj |
rdacarrier |
| 490 1# - EDÍCIA |
| Edícia |
Auris |
| Zväzok/sekvenčné označenie |
Zväzok XIII. |
| 500 ## - VŠEOBECNÁ POZNÁMKA |
| Formátovaná poznámka o obsahu |
Publikáciu z verejných zdrojov podporil Fond na podporu umenia |
| 600 17 - PRIDANÝ VSTUP – PREDMET – OSOBNÉ MENO |
| Osobné meno |
Stein, Edith, |
| Tituly a iné slová súvisiace s menom |
svätá, |
| Dátumy súvisiace s menom |
1891-1942 |
| Zdroj hesla alebo termínu |
SNKMA |
| -- |
3567 |
| 648 #7 - PRIDANÝ VSTUP – PREDMET – CHRONOLOGICKÝ TERMÍN |
| Chronologický termín |
19.-20. storočie |
| Zdroj hesla alebo termínu |
SNKPH |
| -- |
2202 |
| 648 #7 - PRIDANÝ VSTUP – PREDMET – CHRONOLOGICKÝ TERMÍN |
| Chronologický termín |
19th-20th centuries |
| Zdroj hesla alebo termínu |
SNKPHeng |
| -- |
3568 |
| 650 07 - PRIDANÝ VSTUP – PREDMET – TEMATICKÉ HESLO |
| Tematické heslo alebo geografický názov ako vstupný prvok |
filozofky |
| Zdroj hesla alebo termínu |
SNKPH |
| -- |
3569 |
| 650 07 - PRIDANÝ VSTUP – PREDMET – TEMATICKÉ HESLO |
| Tematické heslo alebo geografický názov ako vstupný prvok |
svätice |
| Zdroj hesla alebo termínu |
SNKPH |
| -- |
3570 |
| 650 07 - PRIDANÝ VSTUP – PREDMET – TEMATICKÉ HESLO |
| Tematické heslo alebo geografický názov ako vstupný prvok |
Židia |
| Zdroj hesla alebo termínu |
SNKPH |
| -- |
1732 |
| 650 07 - PRIDANÝ VSTUP – PREDMET – TEMATICKÉ HESLO |
| Tematické heslo alebo geografický názov ako vstupný prvok |
holokaust (1939-1945) |
| Zdroj hesla alebo termínu |
SNKPH |
| -- |
1733 |
| 650 07 - PRIDANÝ VSTUP – PREDMET – TEMATICKÉ HESLO |
| Tematické heslo alebo geografický názov ako vstupný prvok |
obete nacizmu |
| Zdroj hesla alebo termínu |
SNKPH |
| -- |
3571 |
| 650 07 - PRIDANÝ VSTUP – PREDMET – TEMATICKÉ HESLO |
| Tematické heslo alebo geografický názov ako vstupný prvok |
Women philosophers |
| Zdroj hesla alebo termínu |
SNKPHeng |
| -- |
3572 |
| 650 07 - PRIDANÝ VSTUP – PREDMET – TEMATICKÉ HESLO |
| Tematické heslo alebo geografický názov ako vstupný prvok |
Christian women saints |
| Zdroj hesla alebo termínu |
SNKPHeng |
| -- |
3573 |
| 650 07 - PRIDANÝ VSTUP – PREDMET – TEMATICKÉ HESLO |
| Tematické heslo alebo geografický názov ako vstupný prvok |
Jews |
| Zdroj hesla alebo termínu |
SNKPHeng |
| -- |
1737 |
| 650 07 - PRIDANÝ VSTUP – PREDMET – TEMATICKÉ HESLO |
| Tematické heslo alebo geografický názov ako vstupný prvok |
Holocaust, 1939-1945 |
| Zdroj hesla alebo termínu |
SNKPHeng |
| -- |
1738 |
| 650 07 - PRIDANÝ VSTUP – PREDMET – TEMATICKÉ HESLO |
| Tematické heslo alebo geografický názov ako vstupný prvok |
Victims of Nazism |
| Zdroj hesla alebo termínu |
SNKPHeng |
| -- |
3574 |
| 651 #7 - PRIDANÝ VSTUP – PREDMET – GEOGRAFICKÝ NÁZOV |
| Geografický názov |
Nemecko |
| Zdroj hesla alebo termínu |
SNKPHgeo |
| -- |
3575 |
| 651 #7 - PRIDANÝ VSTUP – PREDMET – GEOGRAFICKÝ NÁZOV |
| Geografický názov |
Germany |
| Zdroj hesla alebo termínu |
SNKPHeng |
| -- |
3576 |
| 655 #7 - INDEXAČNÝ TERMÍN – ŽÁNER/FORMA |
| Údaje o žánri/forme alebo termín, ktorý je prvok fazety |
autobiografie |
| Zdroj termínu |
SNKPH |
| -- |
1792 |
| 655 #7 - INDEXAČNÝ TERMÍN – ŽÁNER/FORMA |
| Údaje o žánri/forme alebo termín, ktorý je prvok fazety |
Autobiography |
| Zdroj termínu |
SNKPHeng |
| -- |
1793 |
| 700 1# - PRIDANÝ VSTUP – OSOBNÉ MENO |
| Osobné meno |
Krankus, Milan |
| Tituly a iné slová súvisiace s menom |
(prekladateľ) |
| Kód roly |
trl |
| -- |
oth |
| -- |
3577 |
| 958 ## - Formálny deskriptor |
| Formálny deskriptor |
OND |
| 958 ## - Formálny deskriptor |
| Formálny deskriptor |
BX |
| 958 ## - Formálny deskriptor |
| Formálny deskriptor |
UP |